| 000 | 01237nam a22002417a 4500 | ||
|---|---|---|---|
| 999 |
_c57352 _d57352 |
||
| 003 | Ge_BSU | ||
| 005 | 20200527155354.0 | ||
| 008 | 200527s2018 ge ||||| |||| 00| 0 geo d | ||
| 020 | _a9789941958557 | ||
| 041 | _ageo | ||
| 080 | _a347.961(479.22) გ-61 | ||
| 100 |
_aგოგოლაძე, მარიკა. _98230 |
||
| 245 |
_aსანოტარო სამართალი. წ. 2 / _c მარიკა გოგოლაძე, გიორგი მარიამიძე ; საქ. ნოტარიუსთა პალატა. |
||
| 250 | _aI გამოცემა. | ||
| 264 |
_aთბილისი : _b იურისტების სამყარო, _c2018. |
||
| 300 |
_a434 გვ. _b21 სმ. |
||
| 504 | _aბიბლიოგრ. ტექსტის შენიშვნებში. | ||
| 653 | _aსაქართველოს სანოტარო სამართალი | ||
| 653 | _aნოტარიუსი | ||
| 653 | _a ნოტარიუსთა სავალდებულო პროფესიული დაზღვევა | ||
| 700 |
_aმარიამიძე, გიორგი _eავტორი _98231 |
||
| 942 |
_2udc _cBK |
||